[Event "9R-LV-P.D. Barakaldo – Abadiño: 1-3"]
[Site "Bergara"]
[Date "2016.??.??"]
[Round "9.5"]
[White "Sarralde Osua, Diego"]
[Black "Fernandez Rivera, Igor"]
[Result "1/2-1/2"]
[WhiteElo "2070"]
[BlackElo "1837"]
[PlyCount "33"]
[EventDate "2016.01.10"]

1. d4 d6 2. c4 g6 3. e3 Bg7 4. Bd2 Nf6 5. Bd3 Nbd7 6. Ne2 O-O 7. a3 e5 8. Nbc3
c6 9. O-O Re8 10. Qc2 Qe7 11. f3 d5 12. cxd5 Nxd5 13. Nxd5 cxd5 14. Be1 Nb6 15.
Bf2 Be6 16. Rfc1 Rac8 17. Qd1 1/2-1/2

[Event "6R-LV-P.D. Abadiño - Egidazu: 2-2"]
[Site "Bergara"]
[Date "2016.??.??"]
[Round "6.3"]
[White "Sarralde Osua, Rodrigo"]
[Black "Arnal Iturgaitz, Aitor"]
[Result "0-1"]
[WhiteElo "2372"]
[BlackElo "2197"]
[PlyCount "53"]
[EventDate "2016.01.10"]

1. e4 e6 2. d4 d5 3. Nc3 Bb4 4. e5 c5 5. Bd2 Ne7 6. Nb5 Bxd2+ 7. Qxd2 O-O 8.
Nf3 cxd4 9. O-O-O Nbc6 10. Nbxd4 Ng6 11. Nxc6 bxc6 12. Bd3 Nh4 13. Qf4 Nxf3 14.
gxf3 f5 15. Rhg1 Rf7 16. c4 Rb8 17. Rd2 Qa5 18. Kb1 Ba6 19. Rc1 Rfb7 20. Ka1
Rb4 21. Qe3 Ra4 22. a3 Rb3 23. cxd5 Rbxa3+ 24. Kb1 Ra1+ 25. Kc2 Rxc1+ 26. Kxc1
Ra1+ 27. Bb1 0-1

[Event "6R-LV-P.D. Abadiño - Egidazu: 2-2"]
[Site "Bergara"]
[Date "2016.??.??"]
[Round "6.3"]
[White "Landa Ceballos, Jose A"]
[Black "Prieto Aranguren, Alain"]
[Result "1-0"]
[WhiteElo "2030"]
[BlackElo "2222"]
[PlyCount "77"]
[EventDate "2016.01.10"]

1. e4 c6 2. d4 d5 3. Nd2 g6 4. e5 Bg7 5. Bd3 Nh6 6. Ne2 O-O 7. f4 Bf5 8. Nf3 f6
9. O-O c5 10. c3 Nc6 11. exf6 exf6 12. dxc5 Qe7 13. b4 Be4 14. Ng3 f5 15. Bxe4
dxe4 16. Nd4 Rad8 17. Nge2 a5 18. b5 Nxd4 19. cxd4 a4 20. Qc2 Rxd4 21. Bb2 Rd5
22. Bxg7 Kxg7 23. Rac1 Rc8 24. c6 Rxb5 25. Qxa4 Rb2 26. Qd4+ Qf6 27. Qd7+ Nf7
28. Qxc8 Rd2 29. cxb7 Qb6+ 30. Kh1 Rb2 31. Rc7 Qb5 32. Rd1 Rd2 33. Rcc1 Rb2 34.
Qc3+ Kh6 35. Qxb2 Qxb2 36. Rb1 Qxa2 37. b8=Q e3 38. Qb3 Qa7 39. Re1 1-0

[Event "6R-LV-P.D. Abadiño - Egidazu: 2-2"]
[Site "Bergara"]
[Date "2016.??.??"]
[Round "6.3"]
[White "Galzagorri Uli, Yeray"]
[Black "Gomez Calvo, Jose Ricardo"]
[Result "1-0"]
[WhiteElo "2219"]
[BlackElo "1931"]
[PlyCount "49"]
[EventDate "2016.01.10"]

1. Nf3 f5 2. e4 fxe4 3. Ng5 e5 4. d3 e3 5. Bxe3 Nc6 6. c4 Be7 7. Nc3 Nf6 8. Be2
O-O 9. O-O h6 10. Nge4 Nd4 11. Nxf6+ Bxf6 12. Bg4 d6 13. Bxc8 Rxc8 14. Bxd4
exd4 15. Ne4 Be5 16. g3 Qd7 17. f4 Bf6 18. Qh5 c6 19. Rae1 Rcd8 20. g4 Qf7 21.
Qxf7+ Rxf7 22. Nxf6+ Rxf6 23. f5 Kf8 24. Rf4 c5 25. Rfe4 {(Ilegible)} 1-0

[Event "6R-LV-P.D. Abadiño - Egidazu: 2-2"]
[Site "Bergara"]
[Date "2016.??.??"]
[Round "6.3"]
[White "Rodriguez Parra, Francisco Jav"]
[Black "Sarralde Osua, Diego"]
[Result "0-1"]
[WhiteElo "1769"]
[BlackElo "2070"]
[PlyCount "137"]
[EventDate "2016.01.10"]

1. d4 d6 2. c4 Nf6 3. Nc3 e5 4. Nf3 Nbd7 5. e4 Be7 6. Be2 O-O 7. O-O c6 8. h3
Re8 9. Be3 Qc7 10. Rc1 Nf8 11. b4 Ng6 12. Qd2 h6 13. a4 Bf8 14. d5 a5 15. b5 c5
16. Ne1 b6 17. Nd3 Qe7 18. Bf3 Qd7 19. Kh2 Kh7 20. Rh1 Ne7 21. Kg1 Neg8 22. g4
Qd8 23. Ne2 Be7 24. Ng3 Kh8 25. Qe2 Nh7 26. Nf5 Bxf5 27. exf5 Bh4 28. Be4 Bg5
29. Kh2 Bxe3 30. Qxe3 Qg5 31. Qg3 Ngf6 32. Bg2 h5 33. f3 h4 34. Qf2 e4 35. f4
Nxg4+ 36. hxg4 Qxg4 37. Bh3 Qg3+ 38. Qxg3 hxg3+ 39. Kxg3 exd3 40. Kf3 Re7 41.
Rcd1 Rae8 42. Rxd3 Kg8 43. Rg1 Nf6 44. Bg2 Re1 45. Rxe1 Rxe1 46. Ra3 Kf8 47.
Kf2 Rc1 48. Bf1 Ng8 49. Bd3 Ke7 50. Ra2 Kf6 51. Re2 Ne7 52. Kf3 Rc3 53. Ke3
Nxf5+ 54. Kd2 Ra3 55. Re8 Rxa4 56. Rb8 Ra2+ 57. Kc3 Rh2 58. Rxb6 Rh8 59. Bxf5
Kxf5 60. Rxd6 Kxf4 61. Rc6 Ke5 62. Rxc5 g5 63. b6 Rb8 64. Rb5 g4 65. c5 Kxd5
66. Rxa5 g3 67. c6+ Kxc6 68. Rg5 Ra8 69. Kb4 {(Ilegible)} 0-1

[Event "4R-LV-P.D. Barakaldo - Billabona: 2-2"]
[Site "Bergara"]
[Date "2016.??.??"]
[Round "4.3"]
[White "Lozoya Rodriguez, Alberto"]
[Black "Guijarro Galan, Jose Luis"]
[Result "1/2-1/2"]
[WhiteElo "2181"]
[BlackElo "2219"]
[PlyCount "65"]
[EventDate "2016.01.10"]

1. g3 d5 2. Bg2 Nf6 3. d3 e5 4. Nf3 Nc6 5. O-O Be6 6. Nbd2 h6 7. e4 dxe4 8.
dxe4 Bc5 9. Qe2 O-O 10. c3 a6 11. Nc4 Ng4 12. Ne3 Nxe3 13. Bxe3 Qe7 14. Nh4
Bxe3 15. Qxe3 Qg5 16. Qe2 Rad8 17. Nf3 Qe7 18. Nh4 g6 19. Qc2 Qc5 20. Rad1 Kg7
21. Nf3 b5 22. Qb1 a5 23. b3 Bg4 24. Qb2 Rd6 25. Rd5 Rxd5 26. exd5 Bxf3 27.
Bxf3 Ne7 28. c4 f6 29. cxb5 Qxb5 30. Rc1 Nxd5 31. Bxd5 Qxd5 32. Rxc7+ Rf7 33.
Qc2 1/2-1/2

[Event "4R-LV-P.D. Barakaldo - Billabona: 2-2"]
[Site "Bergara"]
[Date "2016.??.??"]
[Round "4.3"]
[White "Iraola Iraola, Unai"]
[Black "Urbieta Gabancho, Koldo"]
[Result "1/2-1/2"]
[WhiteElo "1969"]
[BlackElo "1938"]
[PlyCount "95"]
[EventDate "2016.01.10"]

1. e4 c6 2. Nf3 d6 3. Bc4 Nf6 4. Qe2 Bg4 5. d4 Bxf3 6. Qxf3 e5 7. dxe5 dxe5 8.
O-O Be7 9. Qb3 O-O 10. Qxb7 Bc5 11. Nc3 Qb6 12. Qxb6 axb6 13. Bg5 Nbd7 14. h3
b5 15. Bd3 Bd4 16. Nd1 h6 17. Bxf6 Nxf6 18. c3 Bb6 19. Ne3 g6 20. Rfd1 Rfd8 21.
Kf1 h5 22. Ke2 h4 23. Ng4 Nh5 24. Kf3 f6 25. Bc2 Kg7 26. Rxd8 Rxd8 27. Rd1 Nf4
28. Rxd8 Bxd8 29. a4 bxa4 30. Bxa4 c5 31. Ne3 Kf7 32. Nd5 Ba5 33. b4 cxb4 34.
cxb4 Bd8 35. Bd7 Nxd5 36. exd5 Ke7 37. Be6 f5 38. Ke2 g5 39. Kd3 Bb6 40. f3 Kd6
41. Bc8 Kxd5 42. Bxf5 Bf2 43. Bc8 Be1 44. Bb7+ Kd6 45. Kc4 Kc7 46. Ba8 Kb6 47.
b5 Bg3 48. Bc6 1/2-1/2

[Event "4R-LV-P.D. Barakaldo - Billabona: 2-2"]
[Site "Bergara"]
[Date "2016.??.??"]
[Round "4.3"]
[White "Perez Palma, Jesus Maria"]
[Black "Fuente San Sebastian, Ernesto"]
[Result "0-1"]
[WhiteElo "1833"]
[BlackElo "1853"]
[PlyCount "72"]
[EventDate "2016.01.10"]

1. c4 Nf6 2. g3 e5 3. Nc3 g6 4. Bg2 Bg7 5. e4 O-O 6. d3 c5 7. Nge2 d6 8. O-O
Nc6 9. Bg5 h6 10. Bxf6 Bxf6 11. Nd5 Bg7 12. f4 exf4 13. gxf4 Bxb2 14. Rb1 Bg7
15. Qe1 Rb8 16. Qg3 Kh8 17. Kh1 g5 18. f5 Be5 19. Qh3 Kh7 20. Qh5 Ne7 21. Rf3
Nxd5 22. Rh3 Qf6 23. cxd5 Rg8 24. Qg4 Kg7 25. Ng3 Bxg3 26. Rxg3 Kf8 27. Rg1 Ke7
28. Qh5 Bd7 29. Bh3 Rh8 30. Qe2 Rbg8 31. Rf1 Kd8 32. Qd2 Kc8 33. Qa5 Kb8 34.
Re1 Qd8 35. Qc3 Bb5 36. Rb1 Ba6 {(Ilegible)} 0-1

[Event "4R-LV-P.D. Barakaldo - Billabona: 2-2"]
[Site "Bergara"]
[Date "2016.??.??"]
[Round "4.3"]
[White "Munita Loinaz, Jose Antonio"]
[Black "Fernandez Rivera, Igor"]
[Result "0-1"]
[WhiteElo "1826"]
[BlackElo "1837"]
[PlyCount "104"]
[EventDate "2016.01.10"]

1. e4 d6 2. Nf3 Nf6 3. c3 c6 4. Qc2 g6 5. d4 Bg7 6. Be2 O-O 7. O-O Nbd7 8. Bf4
Re8 9. Nbd2 e5 10. dxe5 dxe5 11. Bg3 Nh5 12. Bh4 Bf6 13. Bxf6 Ndxf6 14. Rad1
Qe7 15. Nc4 Bg4 16. Ne3 Bxf3 17. Bxf3 Rad8 18. Qa4 b5 19. Qa6 Qc7 20. Nc2 Nf4
21. Nb4 Rxd1 22. Rxd1 Re6 23. Qa3 Rd6 24. Rxd6 Qxd6 25. Nd5 Qxa3 26. Nxf6+ Kg7
27. Ne8+ Kf8 28. bxa3 Kxe8 29. Bd1 Nd3 30. Bc2 Nc1 31. Kf1 Nxa2 32. c4 Nc3 33.
cxb5 Nxb5 34. a4 Nd4 35. Bd3 Kd7 36. Ke1 f6 37. Kd2 Nb3+ 38. Kc3 Nc5 39. Bc2 a5
40. Kc4 Kd6 41. f3 Ne6 42. g3 g5 43. Bd1 Nd4 44. f4 Ne6 45. f5 Nc7 46. h4 gxh4
47. gxh4 Na8 48. Bh5 Nb6+ 49. Kb3 Kc5 50. Be8 Nc8 51. Bh5 Kd4 52. Be8 c5 0-1

[Event "4R-LV-P.D. Abadiño - Zornotza: 1'5-2'5"]
[Site "Bergara"]
[Date "2016.??.??"]
[Round "4.4"]
[White "Sarralde Osua, Rodrigo"]
[Black "Diez Fraile, David"]
[Result "0-1"]
[WhiteElo "2372"]
[BlackElo "2190"]
[PlyCount "158"]
[EventDate "2016.01.10"]

1. e4 c5 2. c4 Nc6 3. Ne2 Nf6 4. Nbc3 g6 5. g3 Bg7 6. Bg2 O-O 7. O-O d6 8. h3
Ne8 9. d3 Nc7 10. Rb1 Rb8 11. Be3 Ne6 12. a3 a5 13. Nb5 Bd7 14. f4 Ned4 15.
Nexd4 Nxd4 16. a4 Bxb5 17. axb5 e6 18. Kh2 b6 19. Rf2 Qe7 20. Qf1 Nb3 21. Re1
Bd4 22. f5 f6 23. fxe6 Bxe3 24. Rxe3 Nd4 25. h4 Nxe6 26. Bh3 Nd4 27. Re1 Kg7
28. Bg4 Rbe8 29. Qh3 f5 30. Bf3 Qe5 31. Ref1 f4 32. g4 h6 33. g5 hxg5 34. Rg1
Ne6 35. Kg2 gxh4 36. Kf1 Rh8 37. Rfg2 Rh6 38. Ke1 Rf8 39. Kd1 a4 40. Kc2 Nd4+
41. Kb1 Ne6 42. Rg4 g5 43. R4g2 Kf6 44. Bg4 Rg8 45. Bd1 Ra8 46. Re1 Rg6 47. Bg4
Rg7 48. Bxe6 Qxe6 49. e5+ Kf7 50. Qf3 Re8 51. Rge2 dxe5 52. Rxe5 Qxe5 53. Rxe5
Rxe5 54. Qb7+ Re7 55. Qxb6 h3 56. Qxc5 h2 57. Qd5+ Kf8 58. Ka2 Rh7 59. Qd8+ Kf7
60. Qd5+ Kf6 61. Qd6+ Kf5 62. Qd5+ Re5 63. Qh1 Re1 64. Qd5+ Re5 65. Qh1 g4 66.
d4 Ree7 67. Qd5+ Kf6 68. Qd6+ Kf5 69. Qd5+ Kf6 70. Qd6+ Kg5 71. Qd5+ Kh4 72.
Qg2 g3 73. Qf3 Kg5 74. Qh1 Kg4 75. d5 f3 76. d6 Rd7 77. c5 g2 78. Qe1 g1=Q 79.
Qe4+ Kg3 0-1

[Event "4R-LV-P.D. Abadiño - Zornotza: 1'5-2'5"]
[Site "Bergara"]
[Date "2016.??.??"]
[Round "4.4"]
[White "Galzagorri Uli, Yeray"]
[Black "Padilla Cabero, Pablo"]
[Result "1/2-1/2"]
[WhiteElo "2219"]
[BlackElo "2161"]
[PlyCount "40"]
[EventDate "2016.01.10"]

1. e4 e5 2. Nf3 Nc6 3. Bb5 Nge7 4. Nc3 g6 5. d4 exd4 6. Nd5 Bg7 7. Bg5 h6 8.
Bf6 Kf8 9. Bxg7+ Kxg7 10. O-O d6 11. Nxd4 Bd7 12. Qd2 Nxd5 13. exd5 Ne7 14. c4
Ng8 15. Rae1 Nf6 16. Qc3 Re8 17. Rxe8 Bxe8 18. Bxe8 Qxe8 19. Re1 Qd7 20. h3 a6
1/2-1/2

[Event "4R-LV-P.D. Abadiño - Zornotza: 1'5-2'5"]
[Site "Bergara"]
[Date "2016.??.??"]
[Round "4.4"]
[White "Goiria Egidazu, Jon Asel"]
[Black "Sarralde Osua, Diego"]
[Result "1-0"]
[WhiteElo "1980"]
[BlackElo "2070"]
[PlyCount "53"]
[EventDate "2016.01.10"]

1. e4 c5 2. Nc3 Nc6 3. f4 d6 4. Nf3 g6 5. Bb5 Bd7 6. O-O a6 7. Bxc6 Bxc6 8. d3
Bg7 9. Qe1 Qd7 10. Rb1 h6 11. Bd2 O-O-O 12. b4 cxb4 13. Rxb4 e6 14. Qf2 Kb8 15.
Qb6 Qc7 16. Qxa6 Kc8 17. Qa3 Kd7 18. Be3 Ne7 19. Nb5 Ra8 20. Qb3 Bxb5 21. Rxb5
Rhb8 22. Rb1 Nc6 23. Bb6 Qc8 24. e5 d5 25. Bc5 Na5 26. Qb4 Bf8 27. Rxa5 1-0

[Event "3R-LV-P.D. Urnieta - Abadiño: 1-3"]
[Site "Bergara"]
[Date "2016.??.??"]
[Round "3.2"]
[White "Aguirre Canflanca, Josu"]
[Black "Sarralde Osua, Rodrigo"]
[Result "0-1"]
[WhiteElo "2210"]
[BlackElo "2372"]
[PlyCount "80"]
[EventDate "2016.01.10"]

1. d4 d5 2. Nf3 c6 3. c4 e6 4. Qb3 f5 5. Bf4 Bd6 6. e3 Nf6 7. Nc3 O-O 8. Bd3
Ne4 9. h4 Qe7 10. h5 Nd7 11. h6 g6 12. Bxd6 Qxd6 13. cxd5 cxd5 14. Nb5 Qe7 15.
Qa3 Qxa3 16. Nxa3 a6 17. Rc1 Nd6 18. Ke2 Nf7 19. Rc7 Re8 20. Nb1 Kf8 21. Nbd2
Re7 22. Nb3 Nb6 23. Rcc1 Bd7 24. Nc5 Bb5 25. b3 Bxd3+ 26. Kxd3 Nc8 27. Ne5 Ke8
28. f3 Ncd6 29. g4 Nxe5+ 30. dxe5 Nf7 31. Kd4 fxg4 32. f4 Rc8 33. Rcg1 Nd8 34.
Na4 Nc6+ 35. Kd3 Nb4+ 36. Kd4 Rc2 37. Rc1 Rec7 38. Rxc2 Nxc2+ 39. Kd3 Nb4+ 40.
Kd4 Nc2+ 0-1

[Event "3R-LV-P.D. Urnieta - Abadiño: 1-3"]
[Site "Bergara"]
[Date "2016.??.??"]
[Round "3.2"]
[White "Prieto Aranguren, Alain"]
[Black "Manso Marquez, Felix"]
[Result "1-0"]
[WhiteElo "2222"]
[BlackElo "2108"]
[PlyCount "110"]
[EventDate "2016.01.10"]

1. Nf3 d5 2. c4 Nf6 3. d4 e6 4. g3 Be7 5. Bg2 O-O 6. O-O Nbd7 7. b3 c6 8. Bb2
b6 9. Nbd2 Bb7 10. Qc2 Rc8 11. e4 Qc7 12. e5 Ne8 13. Rfe1 Qb8 14. a4 a5 15.
Rac1 Qa8 16. h4 Nb8 17. Ng5 g6 18. c5 Na6 19. Ba3 Ng7 20. g4 bxc5 21. dxc5 Nc7
22. Ngf3 Rce8 23. Nf1 Qd8 24. g5 Nf5 25. Ng3 h5 26. Qc3 Na6 27. Nxf5 exf5 28.
Nd4 Qc7 29. f4 Bc8 30. Bf1 Nb8 31. b4 axb4 32. Bxb4 Be6 33. Ba5 Qa7 34. Bb6 Qa8
35. a5 Bc8 36. Bc7 Nd7 37. Bd6 Ba6 38. e6 Bxd6 39. cxd6 c5 40. e7 Bxf1 41.
exf8=Q+ Rxf8 42. Kxf1 cxd4 43. Qc6 Qxa5 44. Qxd7 Qa3 45. Rc2 Qf3+ 46. Rf2 Qh3+
47. Rg2 Qh1+ 48. Kf2 Qxh4+ 49. Kf1 Qh1+ 50. Kf2 Qh4+ 51. Ke2 Rb8 52. Qe7 Qxf4
53. d7 Rb2+ 54. Kd3 Qf3+ 55. Kxd4 Rb4+ 1-0

[Event "3R-LV-P.D. Urnieta - Abadiño: 1-3"]
[Site "Bergara"]
[Date "2016.??.??"]
[Round "3.2"]
[White "Corral Sierra, Javier"]
[Black "Galzagorri Uli, Yeray"]
[Result "0-1"]
[WhiteElo "2035"]
[BlackElo "2219"]
[PlyCount "97"]
[EventDate "2016.01.10"]

1. Nf3 c5 2. c4 b6 3. g3 Bb7 4. Bg2 Nf6 5. O-O e6 6. Nc3 Be7 7. d4 cxd4 8. Qxd4
Nc6 9. Qf4 Rc8 10. Rd1 O-O 11. b3 a6 12. Bb2 Qc7 13. Qxc7 Rxc7 14. Rac1 Rb8 15.
Nd5 exd5 16. cxd5 Rcc8 17. dxc6 Bxc6 18. Ne5 Bc5 19. Nd3 Be7 20. Be5 Ra8 21.
Bd4 b5 22. Bc5 Kf8 23. Bxe7+ Kxe7 24. Ne5 Bxg2 25. Kxg2 Ke6 26. Nd3 Rc6 27.
Rxc6+ dxc6 28. Nc5+ Ke7 29. e4 a5 30. a3 Ra7 31. Rc1 Nd7 32. Nd3 Kd6 33. f4 c5
34. Kf3 a4 35. b4 c4 36. Nf2 Nb6 37. Nd1 Kc6 38. Nc3 Rd7 39. Rd1 Rd3+ 40. Rxd3
cxd3 41. Ke3 Nc4+ 42. Kxd3 Nxa3 43. g4 Nc4 44. Kd4 a3 45. e5 Nd2 46. Ke3 Nf1+
47. Ke2 Nxh2 48. g5 Ng4 49. f5 0-1

[Event "3R-LV-P.D. Urnieta - Abadiño: 1-3"]
[Site "Bergara"]
[Date "2016.??.??"]
[Round "3.2"]
[White "Sarralde Osua, Diego"]
[Black "Mendikute Fierro, Claudio"]
[Result "0-1"]
[WhiteElo "2070"]
[BlackElo "2017"]
[PlyCount "80"]
[EventDate "2016.01.10"]

1. e4 e6 2. d4 d5 3. exd5 exd5 4. Bd3 Nc6 5. c3 Bd6 6. h3 Nge7 7. Qc2 Be6 8.
Ne2 Qd7 9. Bf4 Bf5 10. Bxd6 Bxd3 11. Qxd3 Qxd6 12. Nd2 Qg6 13. Nf4 Qxd3 14.
Nxd3 b6 15. Nf4 O-O-O 16. O-O h5 17. Nf3 f6 18. g3 g5 19. Nd3 Ng6 20. b4 a5 21.
a3 Kd7 22. Nd2 h4 23. Kg2 Rh7 24. Rae1 axb4 25. axb4 Ra8 26. Ra1 Rxa1 27. Rxa1
Re7 28. Kf3 Rh7 29. b5 Nce7 30. Kg2 Nf5 31. Nb4 Nge7 32. Ra8 hxg3 33. fxg3 Ne3+
34. Kf3 Nd1 35. c4 dxc4 36. Nxc4 Nc3 37. Na3 Rxh3 38. Rf8 f5 39. Nd3 f4 40.
Ne5+ Ke6 0-1

[Event "3R-LV-P.D. Zornotza -Barakaldo: 1'5-2'5"]
[Site "Bergara"]
[Date "2016.??.??"]
[Round "3.3"]
[White "Diez Fraile, David"]
[Black "Lozoya Rodriguez, Alberto"]
[Result "1/2-1/2"]
[WhiteElo "2190"]
[BlackElo "2181"]
[PlyCount "30"]
[EventDate "2016.01.10"]

1. d4 g6 2. Nf3 Bg7 3. g3 c5 4. d5 b5 5. Bg2 Nf6 6. O-O Bb7 7. a4 Bxd5 8. axb5
O-O 9. Bg5 Bb7 10. Qc1 a6 11. bxa6 Nxa6 12. Nc3 Nb4 13. Na4 Qc7 14. c3 Nbd5 15.
Re1 Ne4 1/2-1/2

[Event "3R-LV-P.D. Zornotza -Barakaldo: 1'5-2'5"]
[Site "Bergara"]
[Date "2016.??.??"]
[Round "3.3"]
[White "Hernandez Izaguirre, Eder"]
[Black "Arias Garcia, Luis Javier"]
[Result "0-1"]
[WhiteElo "2071"]
[BlackElo "2185"]
[PlyCount "74"]
[EventDate "2016.01.10"]

1. e4 d6 2. g3 c5 3. Bg2 g6 4. Ne2 Bg7 5. O-O Nc6 6. c3 e5 7. d3 Nge7 8. Be3
O-O 9. d4 exd4 10. cxd4 b6 11. Nbc3 Ba6 12. Qd2 cxd4 13. Nxd4 Bxf1 14. Rxf1 Ne5
15. Qe2 Qc8 16. Rc1 Qd7 17. Rd1 a6 18. g4 Rfc8 19. Bg5 h6 20. Bxe7 Qxe7 21. f4
Nd7 22. e5 dxe5 23. Nd5 Qd6 24. fxe5 Nxe5 25. Nf4 Ra7 26. Nde6 Qe7 27. Nxg7
Kxg7 28. Nd5 Qc5+ 29. Kh1 Re8 30. b4 Qc4 31. Qb2 f6 32. Nxb6 Qe6 33. Nd5 Rd7
34. Rd4 Red8 35. Nf4 Qb6 36. Bd5 Kh7 37. Ne6 Rxd5 0-1

[Event "3R-LV-P.D. Zornotza -Barakaldo: 1'5-2'5"]
[Site "Bergara"]
[Date "2016.??.??"]
[Round "3.3"]
[White "Goiria Egidazu, Jon Asel"]
[Black "Celada Fernandez De L., Felipe"]
[Result "0-1"]
[WhiteElo "1980"]
[BlackElo "2032"]
[PlyCount "74"]
[EventDate "2016.01.10"]

1. e4 c5 2. Nc3 Nc6 3. f4 e6 4. Nf3 d6 5. Bb5 Nge7 6. O-O a6 7. Bxc6+ Nxc6 8.
d3 g6 9. Be3 Bg7 10. d4 cxd4 11. Nxd4 O-O 12. Qd2 Qc7 13. Rad1 Rd8 14. f5 Ne5
15. fxe6 Bxe6 16. Nxe6 fxe6 17. Bg5 Rd7 18. b3 Ng4 19. Rf3 Rc8 20. Ne2 Qc5+ 21.
Be3 Nxe3 22. Qxe3 Qxe3+ 23. Rxe3 Rxc2 24. a4 Bh6 25. Rh3 Rxe2 26. Rxh6 Rxe4 27.
Rh3 d5 28. Rc3 d4 29. Rc4 e5 30. Rd3 Kf7 31. Rb4 Ke6 32. Rb6+ Kd5 33. Rf3 Rf4
34. Rxf4 exf4 35. Rf6 d3 36. Rxf4 d2 37. Rf1 Kd4 0-1

[Event "3R-LV-P.D. Zornotza -Barakaldo: 1'5-2'5"]
[Site "Bergara"]
[Date "2016.??.??"]
[Round "3.3"]
[White "Fernandez Rivera, Igor"]
[Black "Sierra Lopez, Ceferino"]
[Result "1-0"]
[WhiteElo "1837"]
[BlackElo "1981"]
[PlyCount "79"]
[EventDate "2016.01.10"]

1. e4 e5 2. f4 Bc5 3. Qh5 Nc6 4. fxe5 g6 5. Qe2 Nxe5 6. c3 Bxg1 7. Rxg1 Qg5 8.
Na3 Qe7 9. d4 Nc6 10. g3 d6 11. Bg2 h5 12. h3 Bd7 13. Nb5 O-O-O 14. d5 Ne5 15.
Nxa7+ Kb8 16. Be3 Qe8 17. O-O-O f6 18. b4 Rh7 19. b5 Ne7 20. Rd2 f5 21. Rb2
fxe4 22. Nc6+ Bxc6 23. bxc6 Nd3+ 24. Kb1 Nxb2 25. Qxb2 Nxc6 26. dxc6 Qxc6 27.
Qa3 b6 28. Qb4 d5 29. Rd1 Rhd7 30. Bf1 Rf7 31. Bb5 Qb7 32. Bf4 h4 33. Bg5 Rd6
34. Bxh4 Rf5 35. Be7 Re6 36. Bd7 Rxe7 37. Qxe7 Rf3 38. Qe8+ Ka7 39. Bc8 Qa8 40.
Rd4 1-0

[Event "3R-LV-P.D. Egidazu - Zuri Baltza: 2'5-1'5"]
[Site "Bergara"]
[Date "2016.??.??"]
[Round "3.5"]
[White "Ladron De Guevara Galar, Fco J"]
[Black "Alberdi Sololuce, Paulo"]
[Result "1/2-1/2"]
[WhiteElo "2135"]
[BlackElo "2231"]
[PlyCount "53"]
[EventDate "2016.01.10"]

1. d4 f5 2. c4 Nf6 3. Nc3 d6 4. Nf3 g6 5. Bf4 Bg7 6. h3 O-O 7. e3 c5 8. Be2 Ne4
9. O-O Nc6 10. d5 Nxc3 11. bxc3 Ne5 12. Qc2 Nxf3+ 13. Bxf3 Qe8 14. g4 fxg4 15.
Bxg4 Bf5 16. Bxf5 Rxf5 17. Rab1 b6 18. Bg3 e5 19. e4 Rf3 20. Rfd1 Qf7 21. Rd3
Rf8 22. Qe2 Rxd3 23. Qxd3 Bh6 24. Kg2 Qd7 25. Qd1 Rf7 26. a4 Bg5 27. Rb5
1/2-1/2

[Event "3R-LV-P.D. Egidazu - Zuri Baltza: 2'5-1'5"]
[Site "Bergara"]
[Date "2016.??.??"]
[Round "3.5"]
[White "Landa Ceballos, Jose A"]
[Black "Garrido Legarreta, Jose Javier"]
[Result "1-0"]
[WhiteElo "2030"]
[BlackElo "1988"]
[PlyCount "49"]
[EventDate "2016.01.10"]

1. e4 c5 2. Nf3 d6 3. d4 cxd4 4. Nxd4 Nf6 5. Nc3 a6 6. Bg5 e6 7. Qd2 Be7 8.
O-O-O Qc7 9. f4 Nbd7 10. g4 O-O 11. Bxf6 gxf6 12. h4 Kh8 13. g5 b5 14. g6 hxg6
15. f5 Ne5 16. Qh6+ Kg8 17. Bh3 exf5 18. exf5 Re8 19. fxg6 Nxg6 20. Ne6 Bxe6
21. Bxe6 fxe6 22. Qxg6+ Kf8 23. Qh6+ Kf7 24. Qh7+ Kf8 25. Rhg1 1-0

[Event "3R-LV-P.D. Egidazu - Zuri Baltza: 2'5-1'5"]
[Site "Bergara"]
[Date "2016.??.??"]
[Round "3.5"]
[White "Hernandez Garcia, Maximo"]
[Black "Gomez Calvo, Jose Ricardo"]
[Result "1/2-1/2"]
[WhiteElo "2025"]
[BlackElo "1931"]
[PlyCount "206"]
[EventDate "2016.01.10"]

1. e4 e6 2. Nf3 d5 3. e5 c5 4. b4 b6 5. bxc5 bxc5 6. c3 c4 7. d4 cxd3 8. Bxd3
Nc6 9. O-O Bc5 10. Na3 Nge7 11. Nb5 Ng6 12. Re1 a6 13. Nbd4 Bd7 14. Qe2 Qc8 15.
h4 Nxd4 16. cxd4 Bb4 17. Bd2 Bxd2 18. Qxd2 Qd8 19. g3 Ne7 20. Rec1 h5 21. Rab1
g6 22. Ng5 Nf5 23. Bf1 O-O 24. Rb7 Rc8 25. Rcb1 Bb5 26. Bxb5 axb5 27. R7xb5 Rc4
28. Nf3 Qc8 29. R1b4 Rc2 30. Qg5 Rxa2 31. Rb1 Qc2 32. Rf1 Qe2 33. Qf4 Ra3 34.
Ng5 Rd3 35. Rb4 Qd2 36. Qxd2 Rxd2 37. Nf3 Rd3 38. Kg2 Rc8 39. Ra1 Rdc3 40. Ra7
R8c7 41. Rxc7 Rxc7 42. Rb8+ Kg7 43. Rb4 Ra7 44. Kf1 Ra3 45. Ke2 Ra2+ 46. Nd2
Ra3 47. Nf3 Ra2+ 48. Kf1 Ra1+ 49. Kg2 Ra7 50. Ng5 Rc7 51. Kf1 Rc1+ 52. Ke2 Rc7
53. Kd3 Ra7 54. Rb3 Rc7 55. Rb6 Kg8 56. Rb8+ Kg7 57. Ra8 Ne7 58. Re8 Ra7 59.
Rb8 Nf5 60. Rb3 Rc7 61. Rb4 Ra7 62. Kc3 Rc7+ 63. Kb3 Ra7 64. Nf3 Ne7 65. Rb6
Rc7 66. Ne1 Nf5 67. Rb4 Rc1 68. Nd3 Rb1+ 69. Kc3 Rxb4 70. Nxb4 Ne7 71. Nd3 Nc6
72. Nc5 Na5 73. Nd7 Nc6 74. Nf6 Kf8 75. f3 Ke7 76. g4 hxg4 77. fxg4 Kf8 78. Kd3
Kg7 79. Ne8+ Kf8 80. Nd6 Kg7 81. Ke3 Kg8 82. Nb5 Kg7 83. Kf4 Kh6 84. Nd6 Kg7
85. Ke3 Ne7 86. Kf4 Nc6 87. Nb5 Kh6 88. g5+ Kg7 89. Ke3 Ne7 90. Nd6 Kf8 91. Kf4
Nc6 92. Nb5 Ne7 93. Kg4 Nf5 94. h5 gxh5+ 95. Kxh5 Kg7 96. Kg4 Kg6 97. Kf4 Ne7
98. Na7 Kg7 99. Kf3 Kg6 100. Kg4 Nf5 101. Nc6 Ne3+ 102. Kf3 Nf5 103. Kf4 Kg7
1/2-1/2

[Event "2R-LV-P.D. Egidazu - Orvina 'B': 1.5-2.5"]
[Site "Bergara"]
[Date "2016.??.??"]
[Round "2.1"]
[White "Ladron De Guevara Galar, Fco J"]
[Black "Mindeguia Guruceaga, Juan Jesus"]
[Result "1/2-1/2"]
[WhiteElo "2135"]
[BlackElo "2168"]
[PlyCount "38"]
[EventDate "2016.01.10"]

1. d4 d5 2. c4 e6 3. Nc3 c5 4. e3 Nf6 5. Nf3 Nc6 6. cxd5 exd5 7. Bb5 Bd6 8.
dxc5 Bxc5 9. a3 O-O 10. O-O Bg4 11. Be2 Bb6 12. Nb5 a6 13. Nbd4 Qd6 14. h3 Nxd4
15. exd4 Bxf3 16. Bxf3 Ne4 17. g3 Qf6 18. Be3 Rfe8 19. Bg2 Rac8 1/2-1/2

[Event "2R-LV-P.D. Egidazu - Orvina 'B': 1.5-2.5"]
[Site "Bergara"]
[Date "2016.??.??"]
[Round "2.1"]
[White "Mombiela Martinez, Gonzalo"]
[Black "Arce Balluerca, Jorge"]
[Result "1-0"]
[WhiteElo "2122"]
[BlackElo "2023"]
[PlyCount "55"]
[EventDate "2016.01.10"]

1. e4 e5 2. Nf3 Nc6 3. Nc3 Nf6 4. d4 exd4 5. Nxd4 d6 6. Be2 Be7 7. O-O Nxd4 8.
Qxd4 O-O 9. h3 Be6 10. Bf3 c6 11. Bf4 Qb6 12. Qxb6 axb6 13. Rfd1 Rfd8 14. a4
Rd7 15. Be3 Bd8 16. g4 h6 17. Bg2 Bc7 18. f4 Re7 19. Bd4 Nd7 20. b4 Bc4 21. Bf2
f6 22. Rd4 b5 23. Rad1 Nb6 24. axb5 cxb5 25. Bf1 Ra3 26. Bxc4+ bxc4 27. Nb5
Rxh3 28. Kg2 1-0

[Event "2R-LV-P.D. Egidazu - Orvina 'B': 1.5-2.5"]
[Site "Bergara"]
[Date "2016.??.??"]
[Round "2.1"]
[White "Landa Ceballos, Jose A"]
[Black "Monje Peinado, Roberto"]
[Result "0-1"]
[WhiteElo "2030"]
[BlackElo "2041"]
[PlyCount "84"]
[EventDate "2016.01.10"]

1. e4 c5 2. Nf3 Nc6 3. d4 cxd4 4. Nxd4 e5 5. Nb5 d6 6. N1c3 a6 7. Na3 b5 8. Nd5
Nce7 9. c4 Nxd5 10. cxd5 f5 11. exf5 Bxf5 12. Be2 Nf6 13. O-O Be7 14. f4 Qd7
15. Qb3 Be4 16. fxe5 dxe5 17. d6 Bd5 18. Qg3 Bxd6 19. Bg5 Ne4 20. Qh4 Nxg5 21.
Qxg5 Qe7 22. Bh5+ g6 23. Bxg6+ hxg6 24. Qxg6+ Kd8 25. Qd3 Bc5+ 26. Kh1 Rxh2+
27. Kxh2 Kc7 28. Qh3 Qg7 29. Rfc1 Kb6 30. Rxc5 Kxc5 31. Qe3+ Kc6 32. Rc1+ Kb7
33. Rc2 Rh8+ 34. Kg1 Qh7 35. Qh3 Qxh3 36. gxh3 Rxh3 37. Rc5 Rd3 38. Nc2 Kb6 39.
Rc8 Bxa2 40. Nb4 Rd1+ 41. Kf2 Rd2+ 42. Ke3 Rxb2 0-1